<?xml version="1.0" encoding="UTF-8"?>
<collection xmlns="http://www.loc.gov/MARC21/slim">
 <record>
  <leader>01929naa a2200253 i 4500</leader>
  <controlfield tag="001">acta67508</controlfield>
  <controlfield tag="005">20211004081358.0</controlfield>
  <controlfield tag="008">200407s2018    hu      o     0||   hun d</controlfield>
  <datafield tag="020" ind1=" " ind2=" ">
   <subfield code="a">978-963-306-601-0</subfield>
  </datafield>
  <datafield tag="022" ind1=" " ind2=" ">
   <subfield code="a">2064-4825</subfield>
  </datafield>
  <datafield tag="040" ind1=" " ind2=" ">
   <subfield code="a">SZTE Egyetemi Kiadványok Repozitórium</subfield>
   <subfield code="b">hun</subfield>
  </datafield>
  <datafield tag="041" ind1=" " ind2=" ">
   <subfield code="a">hun</subfield>
  </datafield>
  <datafield tag="100" ind1="1" ind2=" ">
   <subfield code="a">Kukkonka Judit</subfield>
  </datafield>
  <datafield tag="245" ind1="1" ind2="0">
   <subfield code="a">Szegedi iskolapadból a frontra </subfield>
   <subfield code="h">[elektronikus dokumentum] :</subfield>
   <subfield code="b">Kókay László naplója /</subfield>
   <subfield code="c"> Kukkonka Judit</subfield>
  </datafield>
  <datafield tag="260" ind1=" " ind2=" ">
   <subfield code="c">2018</subfield>
  </datafield>
  <datafield tag="300" ind1=" " ind2=" ">
   <subfield code="a">106-115</subfield>
  </datafield>
  <datafield tag="490" ind1="0" ind2=" ">
   <subfield code="a">A vallási kultúrakutatás könyvei</subfield>
  </datafield>
  <datafield tag="490" ind1="0" ind2=" ">
   <subfield code="a">A Nagy Háború hatása a mindennapok kultúrájának változására</subfield>
  </datafield>
  <datafield tag="520" ind1="3" ind2=" ">
   <subfield code="a">Many high-school students got to the Front from a moment to the next during  the  Great  War.  Students,  were  studying  from  1914  to  1918 couldn't  go  the  path  as  their  fellow-students  graduated  earlier.  They volunteered  to  join  to  the  army's  bond  by  patriotic  enthusiasm.  The piarist student László Kókay, who was born in Szeged, also did the  115same. When he reached his 18 year old age, interrupted his studies. In 1915he voluntarily joined to the 46th infantry regiment. Keeping the original military language he written down his happenings for himself and his family with very detailed notes in exercise books. His walk of life after the War and due to the stormy political changes is typical as the soldiers's destiny who experienced the first war. At the introducing and  adapting  process  of  his  diary  we  may  lean  on  a  well-written sourcework about knowing a young soldiers's destiny.</subfield>
  </datafield>
  <datafield tag="650" ind1=" " ind2="4">
   <subfield code="a">Bölcsészettudományok</subfield>
  </datafield>
  <datafield tag="650" ind1=" " ind2="4">
   <subfield code="a">Történettudomány és régészet</subfield>
  </datafield>
  <datafield tag="695" ind1=" " ind2=" ">
   <subfield code="a">Kókay László, Világháború - 1. - napló</subfield>
  </datafield>
  <datafield tag="710" ind1=" " ind2=" ">
   <subfield code="a">A Nagy Háború hatása a mindennapok kultúrájának változására (2015) (Szeged)</subfield>
  </datafield>
  <datafield tag="856" ind1="4" ind2="0">
   <subfield code="u">http://acta.bibl.u-szeged.hu/67508/1/vallasi_kulturakutatas_konyvei_035_106-115.pdf</subfield>
   <subfield code="z">Dokumentum-elérés </subfield>
  </datafield>
 </record>
</collection>
